El quehacer de un pueblo (Record no. 9875)
[ view plain ]
| 000 -CABECERA | |
|---|---|
| campo de control de longitud fija | 01160nam a2200301 a 4500 |
| 001 - NÚMERO DE CONTROL | |
| campo de control | BRL_1063 |
| 005 - FECHA Y HORA DE LA ÚLTIMA TRANSACCIÓN | |
| campo de control | 20190320211023.0 |
| 008 - DATOS DE LONGITUD FIJA--INFORMACIÓN GENERAL | |
| campo de control de longitud fija | 061113r1986----mx-a######---#000-0#spa-# |
| 020 ## - NÚMERO INTERNACIONAL ESTÁNDAR DEL LIBRO | |
| Número Internacional Estándar del Libro | 9686670459 |
| 041 ## - CÓDIGO DE LENGUA | |
| Código de lengua del texto/banda sonora o título independiente | spa |
| 044 ## - CÓDIGO DEL PAÍS DE LA ENTIDAD EDITORA/PRODUCTORA | |
| Código MARC del país | mx |
| 050 #4 - SIGNATURA TOPOGRÁFICA DE LA BIBLIOTECA DEL CONGRESO | |
| Número de clasificación | NK845.M53 |
| Número de documento/Ítem | .Q84 1986 |
| 245 10 - MENCIÓN DE TÍTULO | |
| Título | El quehacer de un pueblo |
| Resto del título | artesanías Michoacán |
| Mención de responsabilidad, etc. | texto documental, Octavio Vázquez, alfarería ...[et al.] ; texto narrativo, Miguel Angel Pardo y Archivo de la Casa de las Artesanías ; fotografía, Luis Arias ...[et al.]. |
| 260 ## - PUBLICACIÓN, DISTRIBUCIÓN, ETC. | |
| Lugar de publicación, distribución, etc. | Morelia, Michoacán |
| Nombre del editor, distribuidor, etc. | Gobierno del Estado de Michoacán, Casa de las Artesanías |
| Fecha de publicación, distribución, etc. | 1986 |
| 300 ## - DESCRIPCIÓN FÍSICA | |
| Extensión | 183, [9] p. |
| Otras características físicas | il. (algunas a color) |
| Dimensiones | 27 cm. |
| 500 ## - NOTA GENERAL | |
| Nota general | Au1200 |
| 504 ## - NOTA DE BIBLIOGRAFÍA, ETC. | |
| Nota de bibliografía, etc. | Bibliografía: p. [187-190] |
| 650 14 - PUNTO DE ACCESO ADICIONAL DE MATERIA--TÉRMINO DE MATERIA | |
| Término de materia o nombre geográfico como elemento de entrada | Artes decorativas |
| Subdivisión geográfica | Michoacán |
| 9 (RLIN) | 25716 |
| 650 14 - PUNTO DE ACCESO ADICIONAL DE MATERIA--TÉRMINO DE MATERIA | |
| Término de materia o nombre geográfico como elemento de entrada | Artesanía |
| Subdivisión geográfica | Michoacán |
| 9 (RLIN) | 25717 |
| 650 14 - PUNTO DE ACCESO ADICIONAL DE MATERIA--TÉRMINO DE MATERIA | |
| Término de materia o nombre geográfico como elemento de entrada | Artesanos |
| Subdivisión geográfica | Michoacán |
| 9 (RLIN) | 25718 |
| 650 14 - PUNTO DE ACCESO ADICIONAL DE MATERIA--TÉRMINO DE MATERIA | |
| Término de materia o nombre geográfico como elemento de entrada | Arte popular |
| Subdivisión geográfica | Michoacán |
| 9 (RLIN) | 25719 |
| 700 1# - PUNTO DE ACCESO ADICIONAL--NOMBRE DE PERSONA | |
| Nombre de persona | Vázquez, Octavio |
| 9 (RLIN) | 25720 |
| 700 1# - PUNTO DE ACCESO ADICIONAL--NOMBRE DE PERSONA | |
| Nombre de persona | Pardo, Miguel Angel |
| 9 (RLIN) | 25721 |
| 700 1# - PUNTO DE ACCESO ADICIONAL--NOMBRE DE PERSONA | |
| Nombre de persona | Arias, Luis |
| Término indicativo de función/relación | il. |
| 9 (RLIN) | 25722 |
| 710 2# - PUNTO DE ACCESO ADICIONAL--NOMBRE DE ENTIDAD CORPORATIVA | |
| Nombre de entidad corporativa o nombre de jurisdicción como elemento de entrada | Casa de las Artesanías del Estado de Michoacán |
| 9 (RLIN) | 25723 |
| 902 ## - CATALOGADOR | |
| Iniciales | GRL |
| 942 ## - ELEMENTOS DE PUNTO DE ACCESO ADICIONAL (KOHA) | |
| Fuente del sistema de clasificación o colocación | Library of Congress Classification |
| Tipo de ítem Koha | Libros |
| Estado de retiro | Estado de pérdida | Estado dañado | No para préstamo | Localización permanente | Ubicación/localización actual | Fecha de adquisición | Número de inventario | Total de préstamos | Signatura topográfica completa | Código de barras | Fecha visto por última vez | Precio válido a partir de | Tipo de ítem Koha |
|---|---|---|---|---|---|---|---|---|---|---|---|---|---|
| El ejemplar forma parte de la colección y puede ser consultado según las políticas vigentes. | Biblioteca Centro de Estudios Ruth D. Lechuga | Biblioteca Centro de Estudios Ruth D. Lechuga | 06/11/2013 | Au1200 | NK845.M53 .Q84 1986 (Au1200) | GRL01160 | 22/03/2019 | 22/03/2019 | Libros |